00000000nas 2200000zi 4500
0019.933143
003CaOODSP
00520250721153343
006m     o  d f      
007cr cn ||||||||
008240130c20239999oncar p o    f0###b0fre|d
022 |a2819-4888
040 |aCaOODSP|bfre|erda|cCaOODSP
043 |an-cn---
0861 |aFR2-33F-PDF
1101 |aCanada. |bAffaires mondiales Canada, |eauteur, |eorganisme de publication.
222 0|aTraiter les cas d’inconduite et d’actes répréhensibles à Affaires mondiales Canada
24510|aTraiter les cas d'inconduite et d'actes répréhensibles à Affaires mondiales Canada : |b... rapport annuel.
264 1|a[Ottawa] : |bAffaires mondiales Canada = Global Affairs Canada, |c[2023]-
310 |aAnnuel
336 |atexte|btxt|2rdacontent/fre
337 |ainformatique|bc|2rdamedia/fre
338 |aressource en ligne|bcr|2rdacarrier/fre
3621 |aParaît depuis : 1re (exercice 2022/2023).
500 |aPublié aussi en anglais sous le titre : Addressing misconduct and wrongdoing at Global Affairs Canada : ... annual report.
588 |aDescription d'après : 1re (exercice 2022/2023).
588 |aDernière livraison consultée : 1re (exercice 2022/2023).
61016|aCanada. |bAffaires mondiales Canada|xFonctionnaires|xDiscipline|vPériodiques.
650 6|aMilieu de travail|zCanada|xAspect moral|vPériodiques.
650 6|aFonction publique|xAspect moral|zCanada|vPériodiques.
650 6|aDiscipline du travail|zCanada|vPériodiques.
655 7|aPériodiques|2rvmgf
77508|tAddressing misconduct and wrongdoing at Global Affairs Canada : |w(CaOODSP)9.933134